[Event "29th 4NCL Congress"]
[Site "Harrogate"]
[Date "2023.01.21"]
[Round "2"]
[Board "6"]
[White "Townsend, M Paul"]
[Black "Head, Louise"]
[Result "1/2-1/2"]
[WhiteElo "2238"]
[BlackElo "2091"]
[PlyCount "39"]
[EventDate "2023.01.20"]
[EventRounds "5"]
[EventCountry "ENG"]

1. Nf3 d5 2. c4 e6 3. g3 dxc4 4. Na3 Bxa3 5. bxa3 b5 6. Bg2 Bb7 7. a4 a6 8. O-O Be4
9. Bb2 Nf6 10. axb5 axb5 11. a4 b4 12. Rc1 Bd5 13. Bxf6 Qxf6 14. e4 Bxe4 15. Rxc4
Bd5 16. Rf4 Qd8 17. Rxb4 O-O 18. Qc2 Nd7 19. Rh4 h6 20. Rc1  1/2-1/2

[Event "29th 4NCL Congress"]
[Site "Harrogate"]
[Date "2023.01.21"]
[Round "2"]
[Board "7"]
[White "Burrows, Martin P"]
[Black "Booth, Steven B"]
[Result "1-0"]
[WhiteElo "2183"]
[BlackElo "1956"]
[PlyCount "79"]
[EventDate "2023.01.20"]
[EventRounds "5"]
[EventCountry "ENG"]

1. e4 c5 2. Nf3 d6 3. d4 cxd4 4. Nxd4 Nf6 5. Nc3 a6 6. h3 e5 7. Nde2 h5 8. Bg5 Be6
9. Bxf6 Qxf6 10. Nd5 Qd8 11. Qd3 Nd7 12. O-O-O Rc8 13. Kb1 Nc5 14. Qf3 Bxd5 15. Rxd5
b5 16. h4 Be7 17. g3 Qc7 18. Bh3 Rb8 19. Rdd1 b4 20. Nc1 O-O 21. Nb3 g6 22. g4 hxg4
23. Bxg4 Kg7 24. Nxc5 Qxc5 25. h5 Rh8 26. Rdg1 a5 27. Bf5 g5 28. h6+ Kf8 29. Be6
Rh7 30. Qf5 Kg8 31. Bxf7+ Kh8 32. Bg6 Rf8 33. Qd7 d5 34. Bxh7 Rxf2 35. Rc1 Kxh7 36.
exd5 e4 37. Rhf1 e3 38. Rxf2 exf2 39. Qf5+ Kh8 40. Qe5+  1-0

[Event "29th 4NCL Congress"]
[Site "Harrogate"]
[Date "2023.01.21"]
[Round "2"]
[Board "8"]
[White "Stubbs, Oliver"]
[Black "Riddle, Jim"]
[Result "1-0"]
[WhiteElo "2179"]
[BlackElo "1573"]
[PlyCount "27"]
[EventDate "2023.01.20"]
[EventRounds "5"]
[EventCountry "ENG"]

1. d4 d5 2. Nf3 e6 3. Bf4 Bd6 4. Bg3 Bxg3 5. hxg3 Nf6 6. e3 O-O 7. Nbd2 Nc6 8. Bd3
Ne7 9. Ne5 Nd7 10. Bxh7+ Kh8 11. Bd3+ Kg8 12. Rh8+ Kxh8 13. Qh5+ Kg8 14. Qh7#  1-0

[Event "29th 4NCL Congress"]
[Site "Harrogate"]
[Date "2023.01.21"]
[Round "2"]
[Board "9"]
[White "Arkell, Keith C"]
[Black "Gardiner, Eric D"]
[Result "1-0"]
[WhiteElo "2509"]
[BlackElo "2014"]
[PlyCount "97"]
[EventDate "2023.01.20"]
[EventRounds "5"]
[EventCountry "ENG"]

1. d4 d5 2. c4 dxc4 3. e4 Nc6 4. d5 Ne5 5. Bf4 Ng6 6. Be3 e5 7. Bxc4 Nf6 8. Nc3 a6
9. h3 Bd6 10. a4 O-O 11. Nf3 Bd7 12. a5 c6 13. O-O Qe7 14. Re1 Bb4 15. Nd2 Rac8 16.
Qb3 Kh8 17. Red1 Nf4 18. dxc6 Bxc6 19. Nd5 N6xd5 20. exd5 Bd7 21. d6 Qxd6 22. Nf3
Qc6 23. Qxb4 Bxh3 24. Bxf4 exf4 25. gxh3 Qxf3 26. Bd5 Qxh3 27. Qxf4 Qd7 28. Be4 Qb5
29. Rd5 Qxb2 30. Rb1 Qc3 31. Qe5 Qc7 32. Qf5 g6 33. Qf6+ Kg8 34. Rbd1 Qc6 35. Qxc6
Rxc6 36. Rd7 Rc5 37. Ra1 Re8 38. Bd5 Re5 39. Bxf7+ Kf8 40. Rxb7 Rxa5 41. Rd1 Kg7
42. Bc4+ Kh6 43. Bg8 Kg5 44. Bxh7 Kh5 45. Bg8 Rg5+ 46. Kf1 Rac5 47. Rh7+ Kg4 48.
Be6+ Kf4 49. Rh4+  1-0

[Event "29th 4NCL Congress"]
[Site "Harrogate"]
[Date "2023.01.21"]
[Round "2"]
[Board "10"]
[White "McKay, Jonathan"]
[Black "Mosnegutu, Klauss"]
[Result "1-0"]
[WhiteElo "2009"]
[BlackElo "2220"]
[PlyCount "81"]
[EventDate "2023.01.20"]
[EventRounds "5"]
[EventCountry "ENG"]

1. e4 c5 2. Nf3 d6 3. Bb5+ Nc6 4. O-O Bd7 5. Re1 e6 6. c3 Nf6 7. d4 d5 8. exd5 Nxd5
9. c4 Nc7 10. d5 Nb8 11. Bxd7+ Nxd7 12. Bf4 Nb6 13. Bxc7 Qxc7 14. dxe6 f6 15. Nh4
g6 16. Nc3 Be7 17. Qd3 Rd8 18. Qc2 Kf8 19. Nb5 Qb8 20. Re3 a6 21. Na3 Rd4 22. Rh3
Kg7 23. Re1 Rhd8 24. Nf5+ gxf5 25. Qxf5 h6 26. Qh5 Qf4 27. Qf7+ Kh8 28. Rg3 Qxg3
29. hxg3 Nc8 30. Qg6 Bf8 31. Qxf6+ Bg7 32. Qf7 Nd6 33. Qc7 Rc8 34. Qd7 Rg8 35. Nc2
Rd2 36. Ne3 Ne4 37. Qxb7 Nxf2 38. Nf5 Nd3 39. Rf1 Re2 40. Nxg7 Rxg7 41. Rf8+  1-0

[Event "29th 4NCL Congress"]
[Site "Harrogate"]
[Date "2023.01.21"]
[Round "2"]
[Board "11"]
[White "Doran, Chris"]
[Black "Williamson, Roger G"]
[Result "0-1"]
[WhiteElo "2005"]
[BlackElo "2215"]
[PlyCount "62"]
[EventDate "2023.01.20"]
[EventRounds "5"]
[EventCountry "ENG"]

1. e4 e5 2. Nf3 Nc6 3. Bb5 a6 4. Ba4 Nf6 5. O-O d6 6. Bxc6+ bxc6 7. d4 exd4 8. Qxd4
Be7 9. Nc3 O-O 10. Bg5 c5 11. Qd3 Be6 12. Rfe1 Re8 13. b3 h6 14. Bh4 Nd7 15. Bxe7
Rxe7 16. Rad1 Nb6 17. Nd5 Bxd5 18. exd5 Rxe1+ 19. Rxe1 a5 20. a4 c4 21. Qd4 cxb3
22. cxb3 Nd7 23. Rc1 Nc5 24. Qc4 Rb8 25. Nd2 Rb4 26. Qe2 Qg5 27. Qe8+ Kh7 28. Qxf7
Rf4 29. Qxc7 Rxf2 30. Kxf2 Qxd2+ 31. Kg3 Qxc1  0-1

[Event "29th 4NCL Congress"]
[Site "Harrogate"]
[Date "2023.01.21"]
[Round "2"]
[Board "12"]
[White "Mesesan, Mircea-Marius"]
[Black "Walker, Martin G"]
[Result "0-1"]
[WhiteElo "1998"]
[BlackElo "2182"]
[PlyCount "92"]
[EventDate "2023.01.20"]
[EventRounds "5"]
[EventCountry "ENG"]

1. e4 Nf6 2. d3 d5 3. Nd2 e5 4. Ngf3 Nc6 5. g3 Bc5 6. Bg2 dxe4 7. dxe4 O-O 8. O-O
Qe7 9. c3 a5 10. a4 Rd8 11. Qc2 b6 12. h3 Ba6 13. Re1 Bxf2+ 14. Kxf2 Qc5+ 15. Re3
Nb4 16. cxb4 Qxc2 17. Ke1 Rd3 18. Rxd3 Qxd3 19. b5 Bb7 20. Ra3 Qc2 21. Rc3 Qxa4 22.
Rxc7 Qxb5 23. Bf1 Qe8 24. Bc4 b5 25. Bxf7+ Qxf7 26. Rxf7 Kxf7 27. Nxe5+ Ke6 28. Nd3
Nxe4 29. Nf3 Nxg3 30. Nc5+ Kd5 31. Nxb7 Kc6 32. Kf2 Nf5 33. Nxa5+ Rxa5 34. Bd2 Ra7
35. Bc3 Kd5 36. Nd2 Rf7 37. Kf3 Nd6+ 38. Ke3 Nc4+ 39. Nxc4 Kxc4 40. Ke4 b4 41. Be5
Re7 42. h4 Kb3 43. h5 Rxe5+ 44. Kxe5 Kxb2 45. Ke6 Kc1 46. Kf7 g5  0-1

[Event "29th 4NCL Congress"]
[Site "Harrogate"]
[Date "2023.01.21"]
[Round "2"]
[Board "13"]
[White "Erskine-Pereira, Jack"]
[Black "Southcott-Moyers, Indy"]
[Result "0-1"]
[WhiteElo "1978"]
[BlackElo "2139"]
[PlyCount "66"]
[EventDate "2023.01.20"]
[EventRounds "5"]
[EventCountry "ENG"]

1. d4 d5 2. c4 c6 3. cxd5 cxd5 4. Bf4 Nf6 5. Nc3 Nc6 6. e3 Bf5 7. Nf3 e6 8. Bb5 Nd7
9. Bxc6 bxc6 10. Qa4 Qb6 11. O-O Be7 12. a3 O-O 13. Rfc1 Qxb2 14. Qxc6 Rac8 15. Qb5
Bxa3 16. Qxd7 Rxc3 17. Rd1 Bc2 18. Re1 Qb6 19. Rxa3 Rxa3 20. Bd6 Rd8 21. Qxd8+ Qxd8
22. Bxa3 f6 23. Rc1 Qa5 24. Bc5 Be4 25. h4 Bxf3 26. gxf3 h5 27. Rb1 Qc7 28. Ba3 a5
29. Rc1 Qd7 30. Kg2 e5 31. dxe5 fxe5 32. Rg1 d4 33. exd4 exd4  0-1

[Event "29th 4NCL Congress"]
[Site "Harrogate"]
[Date "2023.01.21"]
[Round "2"]
[Board "14"]
[White "Surtees, Mike J"]
[Black "Bridgeman, Niamh"]
[Result "1-0"]
[WhiteElo "2138"]
[BlackElo "1977"]
[PlyCount "67"]
[EventDate "2023.01.20"]
[EventRounds "5"]
[EventCountry "ENG"]

1. e4 e6 2. a3 d5 3. e5 c5 4. b4 b6 5. d4 Qd7 6. c3 Ba6 7. Bxa6 Nxa6 8. Qe2 Qa4 9.
Qb2 Ne7 10. Ne2 Nf5 11. O-O Rc8 12. dxc5 bxc5 13. Ng3 Nxg3 14. hxg3 Be7 15. Nd2 h5
16. Nf3 h4 17. gxh4 Bxh4 18. g3 Be7 19. Kg2 Qb5 20. Bf4 d4 21. Rh1 Rxh1 22. Rxh1
cxb4 23. cxb4 Rc3 24. Bd2 Rc7 25. Qxd4 Rd7 26. Rh8+ Bf8 27. Qg4 f6 28. Qxe6+ Kd8
29. Rxf8+ Kc7 30. exf6 gxf6 31. Bf4+ Kb7 32. Rf7 Rxf7 33. Qxf7+ Kb6 34. Be3+  1-0

[Event "29th 4NCL Congress"]
[Site "Harrogate"]
[Date "2023.01.21"]
[Round "2"]
[Board "15"]
[White "Lampard, Alice"]
[Black "Eagleton, Greg T"]
[Result "1/2-1/2"]
[WhiteElo "1909"]
[BlackElo "2091"]
[PlyCount "63"]
[EventDate "2023.01.20"]
[EventRounds "5"]
[EventCountry "ENG"]

1. d4 Nf6 2. c4 e6 3. Nc3 Bb4 4. Qc2 d5 5. e3 O-O 6. Nf3 c5 7. a3 Bxc3+ 8. bxc3 Nc6
9. Be2 b6 10. O-O Bb7 11. Rd1 Qc7 12. cxd5 exd5 13. c4 dxc4 14. Bxc4 cxd4 15. Bb2
Na5 16. Rxd4 Rac8 17. Rc1 Nxc4 18. Rxc4 Qxc4 19. Qxc4 Rxc4 20. Rxc4 Rc8 21. Rxc8+
Bxc8 22. Ne5 Bb7 23. f3 Kf8 24. Kf2 Ke7 25. e4 Ne8 26. Ke3 f6 27. Nd3 Nd6 28. Bc3
a5 29. a4 Bc6 30. Nb2 Ke6 31. g3 g6 32. h3  1/2-1/2

[Event "29th 4NCL Congress"]
[Site "Harrogate"]
[Date "2023.01.21"]
[Round "2"]
[Board "16"]
[White "Kumar, Jamie"]
[Black "Bak, Christopher"]
[Result "0-1"]
[WhiteElo "1902"]
[BlackElo "2077"]
[PlyCount "82"]
[EventDate "2023.01.20"]
[EventRounds "5"]
[EventCountry "ENG"]

1. d4 Nf6 2. c4 c5 3. d5 e6 4. Nc3 exd5 5. cxd5 d6 6. e4 g6 7. f3 Bg7 8. Bg5 O-O
9. Qd2 Bd7 10. h4 Re8 11. h5 Na6 12. h6 Bh8 13. Qf4 Qe7 14. Nh3 Nc7 15. O-O-O b5
16. Rd2 a5 17. Nd1 Rec8 18. Nhf2 Nce8 19. Ne3 Qf8 20. g4 c4 21. Rc2 Rc5 22. Nfd1
Bc8 23. Nf5 Bxf5 24. gxf5 Nd7 25. Qg3 Rac8 26. Be3 R5c7 27. f4 Qe7 28. Bg2 b4 29.
fxg6 fxg6 30. f5 Nf8 31. Qf3 b3 32. Rc3 bxa2 33. Ra3 c3 34. b3 c2 35. Nb2 a1=Q+ 36.
Rxa1 Bxb2+ 37. Kxb2 Qe5+ 38. Ka3 Rc3 39. Qf2 Rxb3+ 40. Kxb3 Qc3+ 41. Ka2 Rc4  0-1

[Event "29th 4NCL Congress"]
[Site "Harrogate"]
[Date "2023.01.21"]
[Round "2"]
[Board "17"]
[White "Shearsby, Jude"]
[Black "Vickery, Jim E"]
[Result "1/2-1/2"]
[WhiteElo "2065"]
[BlackElo "1889"]
[PlyCount "109"]
[EventDate "2023.01.20"]
[EventRounds "5"]
[EventCountry "ENG"]

1. e4 Nf6 2. Nc3 e5 3. d3 Nc6 4. g3 Bc5 5. Bg2 d6 6. Na4 Bb6 7. Nxb6 axb6 8. Ne2
Be6 9. O-O d5 10. Nc3 dxe4 11. Nxe4 Nxe4 12. Bxe4 Bd5 13. Qg4 Kf8 14. Be3 h5 15.
Qf3 Bxe4 16. Qxe4 Qe7 17. a3 Re8 18. Rae1 f6 19. b4 Kf7 20. b5 Nd8 21. Qc4+ Kg6 22.
f4 Qf7 23. Qxf7+ Nxf7 24. f5+ Kh7 25. Bd2 Nd6 26. a4 Ra8 27. Ra1 Rhd8 28. Bb4 Kg8
29. h3 Kf7 30. Kg2 Ke7 31. g4 hxg4 32. hxg4 Kd7 33. Rh1 Rh8 34. Rxh8 Rxh8 35. c4
Re8 36. a5 bxa5 37. Rxa5 b6 38. Ra1 Rh8 39. Kg3 Re8 40. Rh1 Re7 41. Rh8 Rf7 42. Kh4
e4 43. dxe4 Nxc4 44. Rf8 Rxf8 45. Bxf8 Ke8 46. Bxg7 Kf7 47. Bh6 Nd6 48. Bf4 Nxb5
49. g5 fxg5+ 50. Kxg5 c5 51. e5 Nd4 52. Be3 b5 53. Bxd4 cxd4 54. e6+ Ke8 55. f6  1/2-1/2

[Event "29th 4NCL Congress"]
[Site "Harrogate"]
[Date "2023.01.21"]
[Round "2"]
[Board "18"]
[White "Wynarczyk, Raymond"]
[Black "Furness, Robert M"]
[Result "1-0"]
[WhiteElo "1867"]
[BlackElo "2056"]
[PlyCount "49"]
[EventDate "2023.01.20"]
[EventRounds "5"]
[EventCountry "ENG"]

1. e4 d6 2. d4 Nf6 3. Nc3 Nbd7 4. Nf3 e5 5. Bc4 Be7 6. Ng5 O-O 7. Bxf7+ Rxf7 8. Ne6
Qe8 9. Nxc7 Qd8 10. Nxa8 b5 11. dxe5 Nxe5 12. Nd5 Nfg4 13. O-O Bh4 14. Be3 Nxe3 15.
Nxe3 Bb7 16. Nf5 Rxf5 17. exf5 Qxa8 18. Qxd6 Nf7 19. Qf4 Bf6 20. f3 Bxb2 21. Rae1
Qd8 22. Qc7 Qd4+ 23. Kh1 Nd6 24. Qd8+ Kf7 25. Re7+  1-0

[Event "29th 4NCL Congress"]
[Site "Harrogate"]
[Date "2023.01.21"]
[Round "2"]
[Board "19"]
[White "Zhu, Yaoyao"]
[Black "Holliday, John K"]
[Result "1-0"]
[WhiteElo "2056"]
[BlackElo "1730"]
[PlyCount "61"]
[EventDate "2023.01.20"]
[EventRounds "5"]
[EventCountry "ENG"]

1. e4 c6 2. d4 d5 3. e5 Bf5 4. Nc3 e6 5. g4 Bg6 6. h4 h5 7. g5 Ne7 8. Nge2 Nf5 9.
Nf4 Qb6 10. Nxg6 fxg6 11. Ne2 c5 12. Nf4 Kf7 13. c4 Nxd4 14. Bd3 Nf5 15. cxd5 exd5
16. Bxf5 gxf5 17. Qxd5+ Ke8 18. O-O Nc6 19. e6 Rd8 20. Qxf5 Qc7 21. Nd5 Rxd5 22.
Qxd5 Bd6 23. Be3 Nb4 24. Qe4 Qe7 25. Rad1 Nc6 26. Qg6+ Kd8 27. Bxc5 Ne5 28. Qe4 Nf7
29. Bxd6 Nxd6 30. Qd5 Kc7 31. Qc5+  1-0

[Event "29th 4NCL Congress"]
[Site "Harrogate"]
[Date "2023.01.21"]
[Round "2"]
[Board "20"]
[White "Sheppard, Derek Alan"]
[Black "Nicholson, Jim W R"]
[Result "0-1"]
[WhiteElo "1703"]
[BlackElo "2033"]
[PlyCount "100"]
[EventDate "2023.01.20"]
[EventRounds "5"]
[EventCountry "ENG"]

1. d4 d5 2. Bf4 c6 3. c3 Bf5 4. e3 Qb6 5. Qb3 Nf6 6. Nd2 e6 7. h3 h6 8. Ngf3 Nbd7
9. c4 Qxb3 10. Nxb3 Bb4+ 11. Nbd2 dxc4 12. Bxc4 Nb6 13. Bb3 Nbd5 14. Bh2 Ne4 15.
Ke2 O-O 16. Rhd1 Rfd8 17. Rac1 Rac8 18. Bc2 Ndf6 19. Nxe4 Bxe4 20. Bxe4 Nxe4 21.
a3 Be7 22. Nd2 Nf6 23. Nb3 g5 24. Nc5 Bxc5 25. Rxc5 Nd7 26. Rc2 f5 27. g4 Nf6 28.
Be5 Kf7 29. Bxf6 Kxf6 30. Rc5 Rd5 31. Rdc1 Rcd8 32. R1c3 Rxc5 33. Rxc5 h5 34. f3
hxg4 35. hxg4 Rh8 36. gxf5 Rh2+ 37. Kd3 exf5 38. b4 Rf2 39. d5 cxd5 40. Rxd5 Ke6
41. Rd8 Rxf3 42. Rg8 f4 43. Rxg5 Rxe3+ 44. Kd2 Rxa3 45. Rg4 Kf5 46. Rg7 b6 47. Ke2
a5 48. bxa5 Rxa5 49. Rf7+ Ke4 50. Re7+ Re5  0-1

[Event "29th 4NCL Congress"]
[Site "Harrogate"]
[Date "2023.01.21"]
[Round "2"]
[Board "21"]
[White "Ther, Mate"]
[Black "Stokes, Michael"]
[Result "1-0"]
[WhiteElo "2167"]
[BlackElo "1995"]
[PlyCount "67"]
[EventDate "2023.01.20"]
[EventRounds "5"]
[EventCountry "ENG"]

1. e4 e5 2. Nf3 Nc6 3. Nc3 Nf6 4. Bb5 Nd4 5. Bc4 c6 6. Nxe5 d5 7. exd5 Bd6 8. Nf3
Qe7+ 9. Be2 Nxf3+ 10. gxf3 Nxd5 11. Nxd5 cxd5 12. d4 Bf5 13. Be3 O-O 14. c3 a6 15.
Bd3 Qf6 16. Be2 b5 17. a3 Rfe8 18. h4 Qe7 19. Kd2 b4 20. axb4 Bxb4 21. Rxa6 Rab8
22. Bd3 Bxc3+ 23. bxc3 Rb2+ 24. Kc1 Bxd3 25. Qxd3 Qb7 26. Bd2 Rb8 27. Ra1 Qb3 28.
Re1 g6 29. h5 Kg7 30. f4 Rb6 31. f5 g5 32. Bxg5 Rb8 33. h6+ Kf8 34. Be7+  1-0

[Event "29th 4NCL Congress"]
[Site "Harrogate"]
[Date "2023.01.21"]
[Round "2"]
[Board "22"]
[White "Thomson, Neil"]
[Black "De Coverly, Roger D"]
[Result "0-1"]
[WhiteElo "2042"]
[BlackElo "1971"]
[PlyCount "94"]
[EventDate "2023.01.20"]
[EventRounds "5"]
[EventCountry "ENG"]

1. e4 e5 2. Nf3 Nc6 3. Bc4 Nf6 4. d3 Be7 5. O-O O-O 6. Nc3 d6 7. a4 Be6 8. Nd5 Bxd5
9. exd5 Nd4 10. c3 Nxf3+ 11. Qxf3 Nd7 12. Qh3 Nb6 13. Bb3 a5 14. f4 exf4 15. Bxf4
Bg5 16. Rae1 Bxf4 17. Rxf4 Qg5 18. Qf3 Rae8 19. Rfe4 Rxe4 20. Qxe4 Nd7 21. Qe7 Qxe7
22. Rxe7 Rd8 23. Kf2 Kf8 24. Re3 Ne5 25. h3 Re8 26. d4 Nd7 27. Ke2 Rxe3+ 28. Kxe3
f5 29. Kd3 g5 30. Kc4 h5 31. Kb5 g4 32. Kxa5 f4 33. hxg4 hxg4 34. Bd1 f3 35. Bxf3
gxf3 36. gxf3 Nb6 37. b4 Nxd5 38. c4 Ne3 39. c5 Ke7 40. b5 Kd7 41. b6 d5 42. bxc7
Kxc7 43. Kb4 Kc6 44. Kc3 Nf5 45. Kd3 b6 46. cxb6 Kxb6 47. Ke2 Ka5  0-1

[Event "29th 4NCL Congress"]
[Site "Harrogate"]
[Date "2023.01.21"]
[Round "2"]
[Board "23"]
[White "Rich, Ben S"]
[Black "Brencher, Paul"]
[Result "1/2-1/2"]
[WhiteElo "1962"]
[BlackElo "2033"]
[PlyCount "41"]
[EventDate "2023.01.20"]
[EventRounds "5"]
[EventCountry "ENG"]

1. a3 g6 2. c4 Bg7 3. Nf3 c5 4. e3 e5 5. Nc3 Nc6 6. Qc2 Nge7 7. Rb1 a5 8. b3 d6 9.
Bb2 O-O 10. d3 b6 11. Be2 h6 12. Nd2 Be6 13. Bf3 d5 14. cxd5 Nxd5 15. O-O Rb8 16.
Nb5 Qd7 17. Bxd5 Bxd5 18. Nc4 Bxg2 19. Kxg2 Qg4+ 20. Kh1 Qf3+ 21. Kg1  1/2-1/2

[Event "29th 4NCL Congress"]
[Site "Harrogate"]
[Date "2023.01.21"]
[Round "2"]
[Board "24"]
[White "Varley, Joe"]
[Black "Srivastava, Aditya"]
[Result "1-0"]
[WhiteElo "2024"]
[BlackElo "1599"]
[PlyCount "103"]
[EventDate "2023.01.20"]
[EventRounds "5"]
[EventCountry "ENG"]

1. e4 d6 2. d4 Nf6 3. Nc3 g6 4. f4 Bg7 5. Nf3 O-O 6. Bd3 Nc6 7. O-O e5 8. d5 Nd4
9. fxe5 dxe5 10. Nxd4 exd4 11. Ne2 Qe8 12. Ng3 c6 13. dxc6 Qxc6 14. Bf4 Re8 15. Qf3
Bg4 16. Qf2 Rad8 17. h3 Be6 18. Bg5 Qc7 19. Ne2 Nh5 20. Bxd8 Rxd8 21. Nf4 Nxf4 22.
Qxf4 Be5 23. Qf3 f6 24. Qe2 g5 25. Kh1 Rd7 26. Bb5 Rg7 27. Ba4 Kh8 28. Bb3 Bd7 29.
g4 h5 30. Kg2 h4 31. Bd5 Qb6 32. Qc4 Bb5 33. Qc8+ Kh7 34. Be6 Bxf1+ 35. Rxf1 Qc7
36. Bf5+ Kh6 37. Qh8+ Rh7 38. Qxh7+ Qxh7 39. Bxh7 Kxh7 40. b3 Kg7 41. Kf3 Kf7 42.
Ke2 Ke6 43. Kd3 Kd6 44. Kc4 Kc6 45. a4 a6 46. a5 Kd6 47. b4 Kc6 48. Rd1 b5+ 49. axb6
Kxb6 50. Rxd4 Bxd4 51. Kxd4 Kb5 52. c4+  1-0

[Event "29th 4NCL Congress"]
[Site "Harrogate"]
[Date "2023.01.21"]
[Round "2"]
[Board "25"]
[White "Garnett, John S"]
[Black "Siddharth, Gopakumar"]
[Result "0-1"]
[WhiteElo "1945"]
[BlackElo "2018"]
[PlyCount "74"]
[EventDate "2023.01.20"]
[EventRounds "5"]
[EventCountry "ENG"]

1. d4 d5 2. Nf3 Nf6 3. e3 c6 4. Bd3 g6 5. O-O Bg7 6. c3 Bg4 7. h3 Bxf3 8. Qxf3 O-O
9. Nd2 Nbd7 10. e4 e5 11. exd5 cxd5 12. dxe5 Nxe5 13. Qe2 Re8 14. Bb5 Nc6 15. Qd3
Ne4 16. Nxe4 dxe4 17. Qxd8 Raxd8 18. Be3 a6 19. Bxc6 bxc6 20. Rfd1 Be5 21. Kf1 f6
22. Ke2 Kf7 23. Rxd8 Rxd8 24. Rd1 Rb8 25. Rd2 Ke6 26. Kd1 h5 27. Kc2 h4 28. b3 g5
29. c4 Rg8 30. Kd1 g4 31. Ke2 gxh3 32. gxh3 f5 33. Rd1 f4 34. Bc5 f3+ 35. Ke3 Kf5
36. Bd6 Rd8 37. c5 Bf4+  0-1

[Event "29th 4NCL Congress"]
[Site "Harrogate"]
[Date "2023.01.21"]
[Round "2"]
[Board "26"]
[White "Cast, Julian"]
[Black "Pyda, Arjun"]
[Result "0-1"]
[WhiteElo "2015"]
[BlackElo "1780"]
[PlyCount "168"]
[EventDate "2023.01.20"]
[EventRounds "5"]
[EventCountry "ENG"]

1. d4 Nf6 2. Nf3 c5 3. e3 cxd4 4. exd4 d5 5. Bd3 Nc6 6. O-O Bg4 7. c3 e6 8. Nbd2
Bd6 9. Re1 O-O 10. Qe2 Qc7 11. h3 Bh5 12. Nf1 Rfe8 13. Bg5 Nd7 14. g4 Bg6 15. Bxg6
hxg6 16. Bh4 Rac8 17. Bg3 a6 18. Kg2 Bxg3 19. Nxg3 Na5 20. Nf1 Nc4 21. Ne3 Nxe3+
22. Qxe3 Nb6 23. Ne5 Nc4 24. Nxc4 Qxc4 25. Qe2 Re7 26. Qxc4 Rxc4 27. Re3 Rec7 28.
Kf3 b5 29. a3 Kf8 30. Ke2 Ke7 31. Kd2 Kd6 32. Rae1 Rc8 33. Rf3 R4c7 34. Kd3 Rb8 35.
Kd2 a5 36. Ra1 Ke7 37. Re3 b4 38. axb4 axb4 39. Kc2 Rbc8 40. Ra4 bxc3 41. Rxc3 Rxc3+
42. bxc3 Rc7 43. Ra8 Kf6 44. Ra1 Kg5 45. Re1 Ra7 46. Kb2 Ra6 47. Re3 Kf4 48. Rg3
g5 49. Re3 Rc6 50. Kc2 Ra6 51. Kb2 Rc6 52. Kc2 Ra6 53. Kb2 f6 54. Kb1 e5 55. dxe5
fxe5 56. Kb2 d4 57. cxd4 exd4 58. Re7 g6 59. Kc2 Ra2+ 60. Kd3 Rxf2 61. Kxd4 Rh2 62.
Re4+ Kg3 63. Re5 Kh4 64. Re6 Rxh3 65. Rxg6 Kxg4 66. Ke4 Rh1 67. Ke3 Re1+ 68. Kf2
Ra1 69. Rg8 Ra2+ 70. Kf1 Kf4 71. Rf8+ Kg3 72. Rh8 g4 73. Rb8 Ra1+ 74. Ke2 Kg2 75.
Ke3 Rf1 76. Rh8 g3 77. Ke2 Rf5 78. Rh4 Re5+ 79. Kd3 Kg1 80. Kd2 g2 81. Rh7 Kf2 82.
Rf7+ Kg3 83. Rg7+ Kf3 84. Rf7+ Kg4  0-1

[Event "29th 4NCL Congress"]
[Site "Harrogate"]
[Date "2023.01.21"]
[Round "2"]
[Board "27"]
[White "Kryshtafor, Maksym"]
[Black "Hilton, Tim"]
[Result "1-0"]
[WhiteElo "1737"]
[BlackElo "2006"]
[PlyCount "33"]
[EventDate "2023.01.20"]
[EventRounds "5"]
[EventCountry "ENG"]

1. e4 e6 2. d4 d5 3. exd5 exd5 4. Nf3 Nf6 5. Bf4 c5 6. dxc5 Bxc5 7. Bd3 O-O 8. O-O
Nc6 9. Re1 Bg4 10. a3 Qb6 11. Qd2 Bxf3 12. gxf3 Nd4 13. Kg2 Qxb2 14. Nc3 Qb6 15.
Na4 Qc6 16. Nxc5 Qxc5 17. Be3  1-0

[Event "29th 4NCL Congress"]
[Site "Harrogate"]
[Date "2023.01.21"]
[Round "3"]
[Board "1"]
[White "Davies, Nigel R"]
[Black "Burrows, Martin P"]
[Result "1-0"]
[WhiteElo "2422"]
[BlackElo "2183"]
[PlyCount "49"]
[EventDate "2023.01.20"]
[EventRounds "5"]
[EventCountry "ENG"]

1. d4 Nf6 2. Nf3 e6 3. Bg5 h6 4. Bh4 d6 5. Nbd2 g5 6. Bg3 Nh5 7. e4 Bg7 8. c3 O-O
9. Ng1 Nxg3 10. hxg3 c5 11. dxc5 dxc5 12. f4 b6 13. Qh5 gxf4 14. gxf4 Qf6 15. Nh3
Bb7 16. O-O-O Rd8 17. Bc4 Rxd2 18. Rxd2 Bxe4 19. Re1 Bb7 20. f5 e5 21. Rd6 Qe7 22.
Rg6 Nd7 23. Qxh6 Qf8 24. Ng5 Nf6 25. Rh1  1-0

[Event "29th 4NCL Congress"]
[Site "Harrogate"]
[Date "2023.01.21"]
[Round "3"]
[Board "2"]
[White "Burnett, Andrew"]
[Black "Wells, Peter K"]
[Result "1/2-1/2"]
[WhiteElo "2247"]
[BlackElo "2402"]
[PlyCount "110"]
[EventDate "2023.01.20"]
[EventRounds "5"]
[EventCountry "ENG"]

1. d4 Nf6 2. c4 e6 3. Nc3 Bb4 4. Nf3 b6 5. g3 Ba6 6. Qb3 c5 7. a3 Bxc3+ 8. Qxc3 cxd4
9. Nxd4 d5 10. cxd5 Nxd5 11. Qd2 Nd7 12. Bg2 O-O 13. O-O Rc8 14. b3 Ne7 15. Rd1 e5
16. Ne6 fxe6 17. Qxd7 Qxd7 18. Rxd7 Nc6 19. Bb2 Bxe2 20. f4 Nd4 21. Be4 Nxb3 22.
Bxe5 Rf7 23. Bxh7+ Kf8 24. Rxf7+ Kxf7 25. Re1 Bg4 26. Be4 Nc5 27. Rc1 Rd8 28. Bg2
Rd2 29. h3 Be2 30. g4 g6 31. Rc3 Bb5 32. Bb8 Rd1+ 33. Kh2 Rd2 34. Kg3 Rd7 35. h4
a5 36. h5 gxh5 37. gxh5 Rd8 38. Be5 Rg8+ 39. Kh2 Bd3 40. Bd4 Be2 41. Bxc5 bxc5 42.
Rxc5 Rh8 43. Rxa5 Bxh5 44. Kg3 Kf6 45. Be4 Rg8+ 46. Kf2 Bd1 47. Ra6 Bg4 48. Rb6 Rc8
49. Bc6 Rd8 50. a4 Rd2+ 51. Ke3 Ra2 52. Bb5 Ra3+ 53. Kd4 Kf5 54. Bd7 Kxf4 55. Bxe6
Bxe6  1/2-1/2

[Event "29th 4NCL Congress"]
[Site "Harrogate"]
[Date "2023.01.21"]
[Round "3"]
[Board "3"]
[White "Stubbs, Oliver"]
[Black "Jones, Steven A"]
[Result "1/2-1/2"]
[WhiteElo "2179"]
[BlackElo "2291"]
[PlyCount "140"]
[EventDate "2023.01.20"]
[EventRounds "5"]
[EventCountry "ENG"]

1. d4 Nf6 2. Nf3 d5 3. Bf4 c5 4. e3 Nc6 5. Nbd2 e6 6. c3 cxd4 7. exd4 Nh5 8. Be3
Bd6 9. Ne5 Nf6 10. f4 Qb6 11. Qb3 Qc7 12. Be2 Nd7 13. Qc2 Ne7 14. g3 f6 15. Nef3
e5 16. fxe5 fxe5 17. dxe5 Nxe5 18. Nxe5 Bxe5 19. O-O-O O-O 20. Bd3 Bf5 21. Nb3 b6
22. Rhe1 Bxd3 23. Qxd3 Bf6 24. Kb1 Rad8 25. Bd4 Nc6 26. Bxf6 Rxf6 27. Qb5 Qf7 28.
a3 h6 29. Rd2 Kh7 30. Red1 Rfd6 31. g4 Qg6+ 32. Qd3 Ne5 33. Qxg6+ Kxg6 34. h3 Nc4
35. Rd3 Ne5 36. Re3 Nc4 37. Re2 Kf7 38. Nd4 Re8 39. Rf1+ Rf6 40. Rxf6+ gxf6 41. Rxe8
Kxe8 42. Nf5 Kf7 43. Nxh6+ Kg6 44. Nf5 Nd2+ 45. Kc2 Ne4 46. h4 Kf7 47. Ne3 Ke6 48.
h5 Ke5 49. h6 Ng5 50. Kd3 Nh7 51. Ng2 Ng5 52. Ke3 Nh7 53. Nh4 Nf8 54. Nf3+ Ke6 55.
Nd4+ Kf7 56. Nf5 Kg6 57. Kd4 Kg5 58. Ne3 Kxh6 59. Kxd5 Kg5 60. Ke4 Nd7 61. Kf3 Ne5+
62. Kg3 Nd3 63. Nc4 b5 64. Nd6 Nxb2 65. Nxb5 Nc4 66. Nxa7 Nxa3 67. Nc6 f5 68. gxf5
Kxf5 69. Kf3 Nc4 70. Nd4+ Ke5  1/2-1/2